ბათუმის შოთა რუსთაველის სახელმწიფო უნივერსიტეტის ბიბლიოთეკა

ჩანაწერი Meeting Name

ჩანაწერთა რაოდენობა, რომელიც გამოყენებულია: 1

001 - CONTROL NUMBER

  • control field: 9778

003 - CONTROL NUMBER IDENTIFIER

  • control field: GE_BSU

005 - DATE AND TIME OF LATEST TRANSACTION

  • control field: 20201125230901.0

008 - FIXED-LENGTH DATA ELEMENTS

  • fixed length control field: 201125|| aca||aabn | a|a d

040 ## - CATALOGING SOURCE

  • Original cataloging agency: GE_BSU
  • Transcribing agency: GE_BSU

111 ## - HEADING--MEETING NAME

  • Meeting name or jurisdiction name as entry element: ივ. ჯავახიშვილის სახ. ისტორიისა და ეთნოლოგიის ინ-ტი.

670 ## - SOURCE DATA FOUND

  • Source citation: Work cat.: (GE_BSU)53371: ვადაჭკორია, შოთა 5487, საქართველოს პირველი რესპუბლიკა და ოსმალეთის ექსპანსიური პოლიტიკა : (1919 წლის იანვარი - 1921 წლის მარტი) /